Memorias de un sinvergüenza de siete suelas / (Registro nro. 6936)
[ vista simple ]
| 000 -LEADER | |
|---|---|
| fixed length control field | 01514cam a2200301 a 4500 |
| 003 - CONTROL NUMBER IDENTIFIER | |
| control field | OSt |
| 005 - DATE AND TIME OF LATEST TRANSACTION | |
| control field | 20250410132803.0 |
| 008 - FIXED-LENGTH DATA ELEMENTS--GENERAL INFORMATION | |
| fixed length control field | 130318r20132012ck r 000 f spa d |
| 015 ## - NATIONAL BIBLIOGRAPHY NUMBER | |
| National bibliography number | SSS |
| 020 ## - INTERNATIONAL STANDARD BOOK NUMBER | |
| International Standard Book Number | 9584233777 |
| 020 ## - INTERNATIONAL STANDARD BOOK NUMBER | |
| International Standard Book Number | 9789584233776 |
| 040 ## - CATALOGING SOURCE | |
| Original cataloging agency | CO-BoPUJ |
| Transcribing agency | CO-JMCR |
| 041 0# - LANGUAGE CODE | |
| Language code of text/sound track or separate title | spa |
| 082 04 - DEWEY DECIMAL CLASSIFICATION NUMBER | |
| Classification number | A-N |
| Item number | BECm |
| Edition number | 23 |
| 100 1# - MAIN ENTRY--PERSONAL NAME | |
| Personal name | Becerra, Ángela |
| Relator term | autora |
| 9 (RLIN) | 24 |
| 245 10 - TITLE STATEMENT | |
| Title | Memorias de un sinvergüenza de siete suelas / |
| Statement of responsibility, etc. | Ángela Becerra |
| 260 ## - PUBLICATION, DISTRIBUTION, ETC. | |
| Place of publication, distribution, etc. | Bogotá ; |
| -- | Barcelona, España : |
| Name of publisher, distributor, etc. | Editorial Planeta, |
| Date of publication, distribution, etc. | 2013. |
| 300 ## - PHYSICAL DESCRIPTION | |
| Extent | 459 páginas ; |
| Dimensions | 24 cm. |
| 490 0# - SERIES STATEMENT | |
| Series statement | Autores españoles e iberoamericanos |
| 520 1# - SUMMARY, ETC. | |
| Summary, etc. | Sevilla se paraliza cuando Francisco Valiente, un Casanova del siglo XXI, muere de forma extraña. Su funeral reúne a quienes lo odiaron y amaron, que desfilarán ante su cuerpo para pedirle cuentas o rendirle honores mientras él, su mujer y su eterna amante desgranan los detalles de sus vidas. Una inmensa historia de amor en un triángulo donde los sueños, la pasión, el odio y el erotismo son llevados al límite. El adulterio y la frustración, los engaños y las dobles vidas, los egos y los miedos, el triunfo y el fracaso, narrados con franqueza, ironía y un desbordante sentido del humor. |
| 650 14 - SUBJECT ADDED ENTRY--TOPICAL TERM | |
| Topical term or geographic name entry element | Novela colombiana |
| 9 (RLIN) | 11679 |
| 650 24 - SUBJECT ADDED ENTRY--TOPICAL TERM | |
| Topical term or geographic name entry element | Novela amorosa colombiana |
| 9 (RLIN) | 11680 |
| 650 24 - SUBJECT ADDED ENTRY--TOPICAL TERM | |
| Topical term or geographic name entry element | Literatura colombiana |
| 9 (RLIN) | 11681 |
| 650 24 - SUBJECT ADDED ENTRY--TOPICAL TERM | |
| Topical term or geographic name entry element | Amor en la literatura |
| 9 (RLIN) | 634 |
| 650 24 - SUBJECT ADDED ENTRY--TOPICAL TERM | |
| Topical term or geographic name entry element | Infidelidad |
| Form subdivision | Novela |
| 9 (RLIN) | 11682 |
| 650 24 - SUBJECT ADDED ENTRY--TOPICAL TERM | |
| Topical term or geographic name entry element | Adulterio |
| Form subdivision | Novela |
| 9 (RLIN) | 11683 |
| 942 ## - ADDED ENTRY ELEMENTS (KOHA) | |
| Source of classification or shelving scheme | Dewey Decimal Classification |
| Koha item type | Books |
| Withdrawn status | Lost status | Source of classification or shelving scheme | Damaged status | Not for loan | Home library | Current library | Shelving location | Date acquired | Source of acquisition | Total Checkouts | Total Renewals | Full call number | Barcode | Date last seen | Date last checked out | Copy number | Price effective from | Koha item type | Collection code |
|---|---|---|---|---|---|---|---|---|---|---|---|---|---|---|---|---|---|---|---|
| Dewey Decimal Classification | Biblioteca Pública José María del Castillo y Rada | Biblioteca Pública José María del Castillo y Rada | General Stacks | 10/02/2020 | Donación | 8 | 5 | A-N BECm | 201810047 | 12/09/2025 | 12/04/2025 | Ej.1 | 10/02/2020 | Books | |||||
| Dewey Decimal Classification | Biblioteca Pública José María del Castillo y Rada | Biblioteca Pública José María del Castillo y Rada | Fiction | 01/06/2023 | 2 | A-N BECm | 201812109 | 08/12/2025 | 08/11/2025 | EJ.2 | 06/28/2024 | Books | Fiction |